• 首页
  • 本馆介绍
  • 公告通知
  • 最新文献
  • 馆藏检索
  • 电子资源
  • 读者导购
  • 参考咨询
  • 我的图书馆
  • 登录
  • 详细信息显示
  • 放入我的书架
  • 预约/预借图书
  • 作者相关作品
  • 分类相关作品
  • 丛书相关作品
  • 出版社相关作品

书目信息

  • 表格格式
  • 工作单格式
  • 卡片格式
题名:
考点分析·分类精解·全真模拟
    
 
作者: ;全国计算机等级考试命题研究组 组编
分册:   二级Visual FoxPro数据库程序设计
出版信息: 北京   机械工业出版社  2009
页数: 218页
开本: 26cm
丛书名:
单 册:
中图分类: TP3 , TP311.138FO
科图分类:
主题词: 电子计算机--考核--自学参考资料 , 关系数据库--数据库管理系统--程序设计--考核--自学参考资料 , 电子计算机 , 关系数据库 , 数据库管理系统 , 程序设计
电子资源:
ISBN: 978-7-111-23225-4
000 01681nam0 2200373 45
001 1050971859
005 20100420095011.32
010    @a978-7-111-23225-4@dCNY29.80
100    @a20100409d2009 ekmy0chiy0120 ea
101 0  @achi
102    @aCN@b110000
105    @ay z 000yy
106    @ar
200 1  @a考点分析·分类精解·全真模拟@AKao Dian Fen Xi· Fen Lei Jing Jie· Quan Zhen Mo Ni@i二级Visual FoxPro数据库程序设计@IEr Ji Visual FoxPro Shu Ju Ku Cheng Xu She Ji@f全国计算机等级考试命题研究组组编@FQuan Guo Ji Suan Ji Deng Ji Kao Shi Ming Ti Yan Jiu Zu Zu Bian
205    @a2版
210    @a北京@c机械工业出版社@d2009
215    @a218页@d26cm@e附光盘1片
300    @a2009年版 新大纲
307    @a附光盘:ISBN 978-7-89482-527-8
330    @a本书主要内容有:考点概览、重点考点和复习建议,考点分类精解,典型题解,强化训练,模拟试卷及解析,应试策略。
516 1  @a全国计算机等级考试考点分析·分类精解·全真模拟 二级Visual FoxPro数据库程序设计@AQuan Guo Ji Suan Ji Deng Ji Kao Shi Kao Dian Fen Xi· Fen Lei Jing Jie· Quan Zhen Mo Ni Er Ji Visual FoxPro Shu Ju Ku Cheng Xu She Ji
517 1  @a二级Visual FoxPro数据库程序设计@AEr Ji Visual FoxPro Shu Ju Ku Cheng Xu She Ji
606 0  @a电子计算机@x考核@j自学参考资料
606 0  @a关系数据库@x数据库管理系统@x程序设计@x考核@j自学参考资料
606 0  @a电子计算机
606 0  @a关系数据库
606 0  @a数据库管理系统
606 0  @a程序设计
610 0  @aVisual FoxPro
690    @aTP3@v4
690    @aTP311.138FO@v4
711 02 @a全国计算机等级考试命题研究组@AQuan Guo Ji Suan Ji Deng Ji Kao Shi Ming Ti Yan Jiu Zu@4组编
801  0 @aCN@bTANGWEI@c20100420
905    @b0592257-61@dTP3@e541=2@f5
    
    考点分析·分类精解·全真模拟.二级Visual FoxPro数据库程序设计/全国计算机等级考试命题研究组组编.-2版.-北京:机械工业出版社,2009
    218页;26cm+附光盘1片
    2009年版 新大纲
    
    ISBN 978-7-111-23225-4:CNY29.80
    本书主要内容有:考点概览、重点考点和复习建议,考点分类精解,典型题解,强化训练,模拟试卷及解析,应试策略。
●
相关链接 在E读中查询图书 在五车中查询图书 在当当中查询图书 在豆瓣中查询图书


正题名:考点分析·分类精解·全真模拟     索取号:TP3/541=2         预约/预借

序号 登录号 条形码 馆藏地/架位号 状态 备注
1 0592257   205922572   第二样本阅览室/ [索取号:TP3/541=2] 在馆    
2 0592258   205922581   第三借阅区/ [索取号:TP3/541=2] 在馆    
3 0592259   205922590   第三借阅区/ [索取号:TP3/541=2] 在馆    
4 0592261   205922616   密集书库-物理学院/ [索取号:TP3/541=2] 在馆    
唐山师范学院图书馆 欢迎您!
大连网信软件有限公司© 版权所有